Посмертные записки Пикквикского клуба (Запись № 9521814)

Подробности
000 -МАРКЕР
контрольное поле 01574nam1a22003011i 4500
001 - ИДЕНТИФИКАТОР ЗАПИСИ
контрольное поле rc\2909808
005 - ИДЕНТИФИКАТОР ВЕРСИИ
контрольное поле 20260407064004.0
035 ## - ДРУГИЕ СИСТЕМНЫЕ НОМЕРА
Идентификатор записи (NLR Aleph) 009036280
100 ## - ДАННЫЕ ОБЩЕЙ ОБРАБОТКИ
Данные общей обработки 20110805d1933 |||y0rusy50 ca
101 1# - ЯЗЫК РЕСУРСА
Язык текста, звукозаписи и т.д. русский
102 ## - СТРАНА ПУБЛИКАЦИИ ИЛИ ПРОИЗВОДСТВА
Страна публикации Российская Федерация
105 ## - ПОЛЕ КОДИРОВАННЫХ ДАННЫХ: ТЕКСТОВЫЕ МАТЕРИАЛЫ, МОНОГРАФИЧЕСКИЕ
Кодированные данные о монографическом текстовом документе y z |||||
200 1# - ЗАГЛАВИЕ И СВЕДЕНИЯ ОБ ОТВЕТСТВЕННОСТИ
Основное заглавие Посмертные записки Пикквикского клуба
Первые сведения об ответственности Чарльз Диккенс
Последующие сведения об ответственности Пер. А.В. Кривцовой и Евгения Ланна, при участии и с коммент. Г.Г. Шпета
210 ## - ПУБЛИКАЦИЯ, РАСПРОСТРАНЕНИЕ И ДР.
Место издания, распространения и т.д. [Москва]
Имя издателя, распространителя и т. д. Academia
Дата издания, распространения и т.д. 1933
Имя изготовителя "Образцовая" тип.
215 ## - ФИЗИЧЕСКАЯ ХАРАКТЕРИСТИКА
Размеры 26х18 см
300 ## - ОБЩИЕ ПРИМЕЧАНИЯ
Текст примечания Ил.: В.А. Милашевский
300 ## - ОБЩИЕ ПРИМЕЧАНИЯ
Текст примечания Доб. тит. л.: "The posthumous papers of the Pickwick club by Charles Dickens. 1837"
700 #1 - ИМЯ ЛИЦА - ПЕРВИЧНАЯ ОТВЕТСТВЕННОСТЬ
Материалы, к которым относится поле rus
Графика поля Кириллица
Начальный элемент ввода Диккенс
Часть имени, кроме начального элемента ввода Ч.
Даты 1812-1870
Расширение инициалов личного имени Чарлз
Идентификатор авторитетной/нормативной записи RU\NLR\AUTH\7713978
Системный номер авторитетной/нормативной записи 123656
702 #1 - ИМЯ ЛИЦА - ВТОРИЧНАЯ ОТВЕТСТВЕННОСТЬ
Код отношения Переводчик
Начальный элемент ввода Кривцова
Часть имени, кроме начального элемента ввода А. В.
Дополнения к именам, кроме дат переводчик
Даты 1896-1958
Расширение инициалов личного имени Александра Владимировна
Системный номер авторитетной/нормативной записи 153682
Идентификатор авторитетной/нормативной записи RU\NLR\AUTH\770153720
702 #1 - ИМЯ ЛИЦА - ВТОРИЧНАЯ ОТВЕТСТВЕННОСТЬ
Код отношения Переводчик
Материалы, к которым относится поле rus
Графика поля Кириллица
Начальный элемент ввода Ланн
Часть имени, кроме начального элемента ввода Е. Л.
Даты 1896-1958
Расширение инициалов личного имени Евгений Львович
Идентификатор авторитетной/нормативной записи RU\NLR\AUTH\77120192
Системный номер авторитетной/нормативной записи 103117
702 #1 - ИМЯ ЛИЦА - ВТОРИЧНАЯ ОТВЕТСТВЕННОСТЬ
Код отношения Прочие
Материалы, к которым относится поле rus
Графика поля Кириллица
Начальный элемент ввода Шпет
Часть имени, кроме начального элемента ввода Г. Г.
Даты 1879-1937
Расширение инициалов личного имени Густав Густавович
Идентификатор авторитетной/нормативной записи RU\NLR\AUTH\7735963
Системный номер авторитетной/нормативной записи 18957
702 #1 - ИМЯ ЛИЦА - ВТОРИЧНАЯ ОТВЕТСТВЕННОСТЬ
Код отношения Иллюстратор
Начальный элемент ввода Милашевский
Часть имени, кроме начального элемента ввода В.А.
Даты 1893-1976
Расширение инициалов личного имени Владимир Алексеевич
Идентификатор авторитетной/нормативной записи RU\NLR\AUTH\7768708
Системный номер авторитетной/нормативной записи 51636
801 #0 - ИСТОЧНИК ЗАПИСИ
Страна Российская Федерация
Организация NLR
Правила каталогизации psbo
801 #1 - ИСТОЧНИК ЗАПИСИ
Страна Российская Федерация
Организация ELAR
Источник данных rusmarc
801 #2 - ИСТОЧНИК ЗАПИСИ
Страна Российская Федерация
Организация NLR
Дата составления 20130211
Источник данных rusmarc
852 ## - МЕСТОНАХОЖДЕНИЕ И ШИФР ХРАНЕНИЯ
Идентификатор организации NLR
Шифр хранения (Call Number) 33-19/562(1)
942 ## - ДОПОЛНИТЕЛЬНЫЕ ЭЛЕМЕНТЫ ЗАПИСИ (АБИС)
Тип экземпляра АБИС Книга

Нет доступных экземпляров.